000 00274nam a22001217a 4500
008 170904b xxu||||| |||| 00| 0 eng d
041 _aeng
080 _a070
100 _a40
101 _aME3D
245 _aTHEORIES OF MASS COMMUNICATION
_cMELVIN.L
942 _2udc
_cBK
999 _c26072
_d26072